000 00951nam a22002890i 4500
001 20442
003 VRT
005 20260122141047.0
008 090724s1995 SK r 000 slo d
020 _a808883452X
035 _a(SVKBBclas03)vtls000019443
040 _aSVKBB
_bslo
_cSVKBB
_eAACR2
041 0 _aslo
080 _a885.4-32
090 _aA 94671
100 1 _aKukučín, Martin,
_d1860-1928.
_eMatej Bencúr.
245 0 0 _aDies irae
_bRysavá jalovica
_cMartin Kukučín
260 _aRohovce
_bInterpopulart Slovakia
_c[1995]
300 _a102 s.
_bLit.
_c19
440 0 _a(Populart).
500 _aŠtudentská knižnica 53. Séria: Slovenská realistická próza
653 _apoviedky slovenské.
942 _2ddc
_cKLDO
_n0
949 _6270001000028390
_asvkbbA 94671
_bsvkbbm 612574
_p612.574
949 _6270001000066126
_asvkbbA 94671
_bsvkbbm 613238
_p613.238
949 _6270001000035031
_asvkbbA 94671
_bsvkbbm 612573
_p612.573
999 _c20442
_d20442